00343nam a2200133Ia 4500008004100000020001800041041000800059082001700067100002700084245003800111250000600149260004200155300001200197210716s2012 xx 000 0 und d a9788120339699 aeng a658.404 RAMK aRamakrishna, Kamaraju. aEssentials of project management. a1 aNew DelhibPHI Learning Pvt Ltdc2012 axvi,312